| 000 | 00541nam a22002057a 4500 | ||
|---|---|---|---|
| 003 | OSt | ||
| 005 | 20140702184657.0 | ||
| 008 | 140702b xxu||||| |||| 00| 0 eng d | ||
| 020 | _a0443070458 | ||
| 040 | _cDNLM | ||
| 082 |
_aQS4 L97s 2002 _bs |
||
| 100 | _4Lumley, John S.P. | ||
| 245 |
_aSurface anatomy: _bthe anatomical basis of clinical examination |
||
| 250 | _a3rd ed. | ||
| 260 |
_aEdinburgh: _bElsevier, _c2002 |
||
| 300 |
_avii,135p.; _bcol.Ill: _c28cm |
||
| 504 | _aIndex included | ||
| 650 |
_aAnatomy _9124 |
||
| 942 |
_2z _cO_SHELF |
||
| 999 |
_c115 _d115 |
||